Tensiones (Record no. 19008)

MARC details
000 -LEADER
campo de control de longitud fija 00827nam a2200253 i 4500
001 - NÚMERO DE CONTROL
campo de control 19008
003 - IDENTIFICADOR DE NÚMERO DE CONTROL
campo de control ES-MaACL
005 - FECHA Y HORA DE LA ÚLTIMA TRANSACCIÓN
campo de control 20251017063042.0
007 - CAMPO FIJO DE DESCRIPCIÓN FÍSICA--INFORMACIÓN GENERAL
campo de control de longitud fija t|
008 - DATOS DE LONGITUD FIJA--INFORMACIÓN GENERAL
campo de control de longitud fija 020513s2001 sp ||||1| spa d
020 ## - NÚMERO INTERNACIONAL ESTÁNDAR DEL LIBRO
Número Internacional Estándar del Libro 84-88006-78-0
080 ## - NÚMERO DE LA CLASIFICACIÓN DECIMAL UNIVERSAL
Número de la Clasificación Decimal Universal 73 Feliciano (083.824)
100 0# - ENTRADA PRINCIPAL--NOMBRE DE PERSONA
Nombre de persona Feliciano,
Fechas asociadas al nombre 1936-
9 (RLIN) 49161
245 10 - MENCIÓN DEL TÍTULO
Título Tensiones
Resto del título : Sala de las Bóvedas, septiembre-noviembre 2001 /
Mención de responsabilidad, etc. Feliciano.
260 ## - PUBLICACIÓN, DISTRIBUCIÓN, ETC.
Lugar de publicación, distribución, etc. [Madrid :
Nombre del editor, distribuidor, etc. Centro Cultural del Conde Duque,
Fecha de publicación, distribución, etc. 2001]
300 ## - DESCRIPCIÓN FÍSICA
Extensión 114 p. :
Otras características físicas il. col. ;
Dimensiones 22 cm.
504 ## - NOTA DE BIBLIOGRAFÍA, ETC.
Nota de bibliografía, etc. Bibliografía: p. 97-106.
600 04 - PUNTO DE ACCESO ADICIONAL DE MATERIA--NOMBRE DE PERSONA
Nombre de persona Feliciano,
Fechas asociadas al nombre 1936-
Subdivisión de forma Exposiciones
9 (RLIN) 49162
655 #7 - TERMINO DE INDIZACIÓN--GENERO/FORMA
Fuente del término tgfbne
9 (RLIN) 193628
Datos o término principal de género/forma Catálogos de exposiciones
710 2# - ENTRADA AGREGADA--NOMBRE DE ENTIDAD CORPORATIVA
Nombre de entidad corporativa o nombre de jurisdicción como elemento de entrada Centro Cultural del Conde Duque.
9 (RLIN) 2579
852 ## - LOCALIZACIÓN
Ubicación ES-MaACL
Número de control de estantería L-25491
Sublocalización o colección R.130576
942 ## - ELEMENTOS DE ENTRADA SECUNDARIOS (KOHA)
Fuente del sistema de clasificación o colocación Clasificación decimal universal
Holdings
Estatus retirado Estado de pérdida Estado de daño No para préstamo Biblioteca de origen Biblioteca actual Ubicación en estantería Fecha de adquisición Fuente de adquisición Total de préstamos Signatura topográfica completa Código de barras Visto por última vez Precio de reemplazo Tipo de ítem Koha
        Biblioteca del Ateneo de Madrid Biblioteca del Ateneo de Madrid Depósito 2 17/01/2008     L-25491 1019447 23/02/2023 23/02/2023 Libro impreso